[Event "GRE-chT 40th"]
[Site "Achaia"]
[Date "2012.07.05"]
[Round "7.9"]
[White "Serpetsidakis, Nikolaos"]
[Black "Koukakis, Dimitrios"]
[Result "1-0"]
[WhiteElo "1492"]
[BlackElo "1359"]
[PlyCount "63"]
[EventDate "2012.06.30"]
[EventType "team-swiss"]
[EventRounds "7"]
[EventCountry "GRE"]
[SourceTitle "CBM 149 Extra"]
[Source "ChessBase"]
[SourceDate "2012.08.24"]
[SourceVersion "1"]
[SourceVersionDate "2012.08.24"]
[SourceQuality "1"]
[WhiteTeam "OFI"]
[BlackTeam "Panionios"]
[WhiteTeamCountry "GRE"]
[BlackTeamCountry "GRE"]

1. d4 d5 2. c4 c6 3. Nc3 Nf6 4. Nf3 e6 5. Bg5 Be7 6. e3 0-0 7. Bd3 Nbd7 8. 0-0 Re8 9. Rc1 h6 10. Bh4 b6 11. cxd5 Nxd5 12. Nxd5 cxd5 13. Bg3 Bf6 14. Qa4 e5 15. Qc6 Rb8 16. Bf5 Nf8 17. Bxc8 Rxc8 18. Qxc8 Qxc8 19. Rxc8 Rxc8 20. Bxe5 Nd7 21. Bg3 Rc2 22. Rb1 b5 23. Ne1 Rc8 24. Nd3 a6 25. Nb4 Nb6 26. Nxa6 Nc4 27. Nc7 Bd8 28. Nxb5 Nxb2 29. h3 Nc4 30. Nd6 Nxd6 31. Bxd6 Bc7 32. Rc1 1-0